[Event "LSS WC-2011-T-00005"]
[Site "LSS email"]
[Date "2010.06.10"]
[Round "?"]
[White "Bubir, Alex Nikolaevich"]
[Black "Rocca, Horacio Daniel"]
[Result "1/2-1/2"]
[WhiteElo "2451"]
[BlackElo "2445"]
[PlyCount "65"]
[EventDate "2010.06.15"]
[EventType "tourn (corr)"]
[EventRounds "10"]
[EventCountry "GER"]
[SourceTitle "Telechess CBM 153"]
[Source "ChessBase"]
[SourceDate "2013.03.14"]
[SourceVersion "1"]
[SourceVersionDate "2013.03.14"]
[SourceQuality "1"]

1. d4 Nf6 2. c4 e6 3. Nf3 d5 4. Nc3 Nbd7 5. cxd5 exd5 6. Bg5 Be7 7. e3 c6 8. Bd3 0-0 9. Qc2 Re8 10. 0-0 Nf8 11. h3 g6 12. Ne5 N6d7 13. Bxe7 Qxe7 14. Nf3 Ne6 15. Rad1 Nb6 16. Ne2 Ng7 17. Ng3 Be6 18. Rfe1 Nc8 19. e4 dxe4 20. Nxe4 Nd6 21. Nc5 Qd8 22. Ne5 Qg5 23. Be4 Re7 24. Nf3 Qf6 25. Nxe6 Nxe6 26. d5 cxd5 27. Bxd5 Rae8 28. Bxe6 Rxe6 29. Rxe6 Rxe6 30. Qc5 Kg7 31. Qc7 b6 32. Nd4 Re7 33. Qc2 1/2-1/2

[Event "LSS WC-2011-T-00005"]
[Site "LSS email"]
[Date "2010.06.10"]
[Round "?"]
[White "Rocca, Horacio Daniel"]
[Black "Kireev, Sergey Ivanovich"]
[Result "1/2-1/2"]
[WhiteElo "2456"]
[BlackElo "2302"]
[PlyCount "68"]
[EventDate "2010.06.15"]
[EventType "tourn (corr)"]
[EventRounds "10"]
[EventCountry "GER"]
[SourceTitle "Telechess CBM 143"]
[Source "ChessBase"]
[SourceDate "2011.07.15"]
[SourceVersion "1"]
[SourceVersionDate "2011.07.15"]
[SourceQuality "1"]

1. e4 e5 2. Nf3 Nc6 3. Bb5 a6 4. Ba4 Nf6 5. 0-0 Be7 6. Re1 b5 7. Bb3 0-0 8. h3 Bb7 9. d3 d5 10. exd5 Nxd5 11. c3 Qd6 12. Nbd2 Rad8 13. Ne4 Qg6 14. Ng3 Nf4 15. d4 Nxg2 16. Kxg2 exd4 17. Qe2 dxc3 18. Bc2 Nd4 19. Bxg6 Nxe2 20. Bxh7+ Kxh7 21. Rxe2 Bf6 22. bxc3 Rd3 23. Re3 Rxc3 24. Rb1 Rc2 25. a4 c5 26. axb5 axb5 27. Ne4 b4 28. Kg3 Bd8 29. Re1 Bc6 30. Bf4 f6 31. h4 Re8 32. Nd6 Rxe1 33. Nxe1 Re2 34. Nd3 Be7 1/2-1/2